Boy's names that start with A - Statistics

General Stats
  • This quiz has been taken 96 times
  • The average score is 9 of 15
Answer Stats
Hint Answer % Correct
You can call me_____ Al
97%
Biblical first man Adam
95%
________the Giant Andre
88%
President Jackson Andrew
85%
Director Hitchcock Alfred
82%
Prince who had a Canadian province named after him Albert
79%
Guns n Roses _________Rose Axl
68%
_________, Simon, Theodore Alvin
65%
Prince Harry's son Archie
55%
D.W 's older brother Arthur
53%
Disgraced New England Patriots player Aaron
51%
Patriarch of three major religions Abraham
51%
Lady Gaga song Alejandro
42%
TV Host Hall Arsenio
25%
Fell in love with a car named Christine Arnie
13%
No matching quizzes found
Score Distribution
Percent of People with Each Score
Percentile by Number Answered
Your Score History
You have not taken this quiz